| 000 | 00855 a2200229 4500 | ||
|---|---|---|---|
| 005 | 20190821072147.0 | ||
| 008 | 190820s2018 ck ||||| |||| 00| 0 spa d | ||
| 020 | _a9789585477209 | ||
| 040 |
_aCO-BoUCM _bspa _cSaul Niño _dSaul Niño |
||
| 041 | 1 | _aspa | |
| 100 | 1 | 0 |
_aGómez, David _998129 |
| 245 | 1 | 0 |
_aYellow _bcómo crear una cultura de servicio y ponerse la camiseta por los clientes _cDavid Gómez |
| 260 |
_aBogotá (Colombia) _bEdiciones B _bPenguin Random House _c2018 |
||
| 300 | _a148 páginas | ||
| 650 | 7 |
_98040 _aRelaciones con los clientes |
|
| 650 | 7 |
_924256 _aServicio al cliente |
|
| 650 | 7 |
_924031 _aSatisfacción del consumidor |
|
| 650 | 7 |
_910738 _aChóferes de taxi _xEstudio de casos |
|
| 650 | 7 |
_9435 _aAdministración de empresas |
|
| 942 |
_cLIBRO _2DEWEY _a16 _e1 _h658.812 _mG569c |
||
| 999 |
_c314769 _d314769 |
||